| 000 | 01308nam a2200373 a 4500 | ||
|---|---|---|---|
| 005 | 20240503114051.0 | ||
| 008 | 100317t2013||||sp a f |||| 001 0 spa d | ||
| 020 | _a9789871860098 | ||
| 041 | _aspa | ||
| 092 |
_c616.075 _l15 _sDAN |
||
| 100 | 1 |
_aD'Annunzio, Angel _93707 |
|
| 245 | 3 |
_aEl laboratorio del paciente crítico / _cAngel D'Annunzio |
|
| 250 | _a2a ed. | ||
| 260 |
_aBuenos Aires: _bCorpus; _c2013. |
||
| 300 | _a186 p. | ||
| 500 | _aD'Annunzio, A. (2013). El laboratorio del paciente crítico. (2a ed.). Buenos Aires : Corpus. | ||
| 653 | _aInflamación | ||
| 653 | _aSepsis | ||
| 653 | _aDaño endotelial | ||
| 653 | _aSíndrome de disfunción orgániza múltiple | ||
| 653 | _aClaves para el diagnóstico e interpretación del ácido base | ||
| 653 | _aEvaluación fisico-matemática de las alteraciones del equilibrio ácido base (EAB) | ||
| 653 | _aShock | ||
| 653 | _aSíndrome de lisis tumoral | ||
| 653 | _aElectrolitos | ||
| 653 | _aTranstornos endocrinos en UTI | ||
| 653 | _aSíndrome coronario agudo | ||
| 653 | _aLíquidos de punción en el laboratorio de urgencia | ||
| 653 | _aEmbarazo en UTI | ||
| 653 | _aAborto séptico | ||
| 653 | _aNutrición en UTI | ||
| 653 | _aSíndrome de shock torácico. Anafilaxia. Tormenta tiroidea. | ||
| 942 |
_2ddc _cBK |
||
| 999 |
_c2142 _d2142 |
||